| 000 | 00853cam a22002655a 4500 | ||
|---|---|---|---|
| 008 | 130915t2004 at ad frd 001 0 eng d | ||
| 010 | _a2002111168 | ||
| 020 | _a0324203098 | ||
| 020 | _a9780324203097 | ||
| 040 |
_aEG-ScBUE _beng _cEG-ScBUE |
||
| 082 | 0 | 4 |
_a330 _bMAN _222 |
| 100 | 1 |
_aMankiw, N. Gregory. _910263 |
|
| 245 | 1 | 0 |
_aPrinciples of economics / _cN. Gregory Mankiw. |
| 246 | 3 | 0 | _aEconomics |
| 250 |
_a3rd ed., _bInternational student ed. |
||
| 260 |
_aAustralia : _bThomson / South-Western, _cc.2004 _e([Washington]) |
||
| 300 |
_axxxix, 848 p. : _bill. (col.) ; _c27 cm. |
||
| 500 | _a"Mankiw principles of economics"-P. [4] of cover. | ||
| 500 | _aIndex : p. 835-848. | ||
| 500 | _aGlossary : p. 829-834. | ||
| 650 | 7 |
_aEconomics. _933654 _2BUEsh |
|
| 651 | _2BUEsh | ||
| 653 |
_bBUSECO _cAugust2015 |
||
| 942 |
_cBB _k330 MAN _2ddc |
||
| 999 |
_c52 _d52 |
||